| 000 | 00810 a2200217 4500 | ||
|---|---|---|---|
| 003 | Nust | ||
| 005 | 20170207164750.0 | ||
| 020 | _a978-0-89106-336-0 | ||
| 035 | _a(EBZ)ebs1095703e | ||
| 035 | _a(EBZ)ebs1095703e | ||
| 035 | _a(EBZ)ebs1095703e | ||
| 040 | _cNust | ||
| 100 | 1 | _aDent, Stephen M. | |
| 245 | 1 | 0 |
_aPartnering Intelligence: Creating Value for Your Business By Building Strong Alliances(E BOOK) _h[Elektronisk resurs] |
| 260 |
_bUnspecified _c2004 |
||
| 300 | _a305p | ||
| 500 | _ae book | ||
| 655 | 4 | _aElectronic books | |
| 856 | 4 | 0 | _uhttp://ep.bib.mdh.se/login?url=http://search.ebscohost.com/login.aspx?direct=true&scope=site&db=e000xww&AN=278636 |
| 856 | 4 | 0 | _uhttp://webproxy.student.hig.se:2048/login?url=http://search.ebscohost.com/login.aspx?direct=true&scope=site&db=nlebk&db=nlabk&AN=278636 |
| 942 |
_2ddc _cBK |
||
| 999 |
_c209968 _d209968 |
||